| 000 | 00771nam a22002297a 4500 | ||
|---|---|---|---|
| 999 |
_c13138 _d13138 |
||
| 003 | AR-CdUCM | ||
| 008 | 190411b ||||| |||| 00| 0 spa d | ||
| 040 |
_aMUNICIPALIDAD PROVINCIAL DEL CUSCO _cBIBLIOTECA MUNICIPAL DEL CUSCO |
||
| 082 |
_a947.084 / _bK93 |
||
| 100 |
_aKulski, W. W. _931349 |
||
| 245 | _aEl régimen soviético / | ||
| 260 |
_aBuenos Aires : _bIndice, _c1964. |
||
| 300 |
_a223 páginas ; _c20 cm. |
||
| 440 |
_aEl universo comunista _931350 |
||
| 505 | _aContenido : Aislamiento cultural y conformismo del hombre culto -- El ciudadano y el partido ... | ||
| 650 |
_aEl régimen soviético _931351 |
||
| 650 |
_aSociedad _953 |
||
| 650 |
_aPolítica _9291 |
||
| 700 |
_aKousoulas, D. G. _94872 |
||
| 942 |
_2ddc _cLIBROS |
||
| 945 |
_arah _d11/04/2019 |
||